SHAKESPEARE THE DRAMA OF GENERATIONS (Record no. 9797)

MARC details
000 -LEADER
fixed length control field 00353nam a2200133Ia 4500
008 - FIXED-LENGTH DATA ELEMENTS--GENERAL INFORMATION
fixed length control field 240624s9999 xx 000 0 und d
041 ## - LANGUAGE CODE
Language code of text/sound track or separate title eng
082 ## - DEWEY DECIMAL CLASSIFICATION NUMBER
Classification number 792 JUS
100 ## - MAIN ENTRY--PERSONAL NAME
Personal name JUSTMAN STEWART
245 ## - TITLE STATEMENT
Title SHAKESPEARE THE DRAMA OF GENERATIONS
260 ## - PUBLICATION, DISTRIBUTION, ETC.
Date of publication, distribution, etc. 2007
Place of publication, distribution, etc. New Delhi
Name of publisher, distributor, etc. Macmillan India
300 ## - PHYSICAL DESCRIPTION
Extent vii, : 219 : p. : cm. ; 24
365 ## - TRADE PRICE
Currency code RS
Price amount 33.33
Holdings
Withdrawn status Lost status Damaged status Not for loan Home library Current library Shelving location Date acquired Source of acquisition Cost, normal purchase price Total Holds Full call number Barcode Date last seen Copy number Price effective from Koha item type
Store Books       IMTN IMTN Rack 38-A 09/18/2008 IBH 275.00 1443 792 JUS 9797 06/24/2024 1 06/24/2024 Books
Designed & Maintained by: LRC IMT Nagpur Contact: lrc@imtnag.ac.in© 2024. All Rights Reserved.